Deutsche Charts 2022 - Statistiken

Allgemein
  • Dieses Quiz wurde 83 mal gespielt
  • Das Durchschnittsergebnis liegt bei 16 aus 100
Antwortstatistiken
Platz Interpret Song % Korrekt
1 DJ Robin & Schürze Layla
69%
10 Nina Chuba Wildberry Lillet
64%
2 Glass Animals Heat Waves
63%
6 Harry Styles As It Was
57%
13 Tom odell Another Love
47%
16 The Kid Laroi / Justin Bieber Stay
45%
60 The Weeknd Blinding Lights
44%
75 Wham! Last Christmas
44%
53 Peter Fox ft. Inéz Zukunft Pink
41%
3 Luciano Beautiful Girl
40%
97 Bonez MC / RAF Camora Sommer
39%
8 Miksu / MacLoud & T-Low Sehnsucht
37%
64 Apache 207 Roller
36%
5 Ed Sheeran Shivers
35%
12 Miksu / MacLoud / Makko Nachts wach
33%
37 Luciano x Aitch x Bia Bamba
32%
54 Pashanim Sommergewitter
32%
4 Gayle ABCDEFU
29%
43 Sam Smith & Kim Petras Unholy
28%
71 Mariah Carey All I Want For Christmas Is You
25%
14 Ed Sheeran Bad Habits
25%
9 Elton John & Dua Lipa Cold Heart
25%
29 T-Low & Miksu / Macloud We Made It
24%
21 Leony Remedy
23%
82 Macklemore & Ryan Lewisft. Ray Dalton Can't Hold Us
21%
18 Imagine Dragons x JID Enemy
21%
22 Domiziana Ohne Benzin
21%
35 Kate Bush Running Up That Hill
20%
40 Rosa Linn Snap
20%
32 Nathan Evans Wellerman
20%
30 David Guetta & Bebe Rexha I'm Good
19%
15 Ion Miles / SiraOne / BHZ Powerade
19%
100 Taylor Swift Anti-Hero
17%
65 Olivia Rodrigo Good 4 U
17%
39 Julian Sommer Dicht im Flieger
15%
72 Adele Easy On Me
15%
49 Jack Harlow First Class
15%
41 Kamrad I Believe
15%
62 Lil Nas X & Jack Harlow Industry Baby
15%
51 The Weeknd Save Your Tears
15%
17 Tiesto & Ava Max The Motto
15%
26 Shouse Love Tonight
13%
86 Coldplay x BTS My Universe
13%
7 Lost Frequencies / Calum Scott Where Are You Now
13%
55 RAF Camora ft. Bonez MC Blaues Licht
12%
61 Die Zipfelbuben ft. DJ Cashi Olivia
12%
28 Liaze Paradise
12%
11 Farruko Pepas
12%
44 Pajel 10von10
11%
38 Camila Cabello ft. Ed Sheeran Bam Bam
11%
57 Glockenbach x ClockClock Brooklyn
11%
88 Central Cee Doja
11%
98 Chris Rea Driving Home For Christmas
11%
27 Jaymes Young Infinity
11%
96 Bonez MC & RAF Camora Letztes Mal
11%
73 ClockClock Sorry
11%
36 Kummer ft. Fred Rabe Der letzte Song
9%
52 Alvaro Soler / Ray Dalton Manila
9%
48 Southstar Miss You
9%
94 Malik Harris Rockstars
9%
80 Gzuz Späti
9%
19 Montez Auf & ab
8%
23 James Hype & Miggy Dela Rosa Ferrari
8%
42 Kontra K ft. Sido & Leony Follow
8%
25 Jason Derulo Acapulco
7%
24 Imanbek & BYOR Belly Dancer
7%
90 Rema Calm Down
7%
91 Pascal Letoublon ft. Leony Friendships
7%
58 OneRepublic I Ain't worried
7%
92 Pashanim Paris Freestyle
7%
87 Tate McRae She's All I Wanna Be
7%
68 Robin Schuz & Dennis Lloyd Young Right Now
7%
69 Emilio Ausmacht
5%
20 Acraze ft. Cherish Do It To It
5%
78 Panic! At The Dicso House of Memories
5%
45 Purple Disco Machine +Sophie And The Giants In The Dark
5%
33 Sido Mit Dir
5%
66 Endzone / TM 61 Grad
4%
99 Alle Farben ft. Kiddo Alright
4%
59 SDP ft. Clueso Die schönsten Tage
4%
50 Elley Duhé Middle Of The Night
4%
93 Felix Jaehn & The Stickmen Projectft. Calum Scott Rain In Ibiza
4%
81 Nicky Youre & Dazy Sunroof
4%
47 Lil Nas X That's What I Want
4%
63 Chris Brown Under The Influence
4%
67 Jax Jones ft. MNEK Where Did You Go?
4%
85 Rammstein Zeit
4%
84 Rammstein Zick Zack
4%
46 Luude ft. Colin Hay Down Under
3%
79 Riton x Nightcrawlers ft. Mufasa & Hypeman Friday
3%
56 1986zig Kopf aus
3%
31 Öwnboss & Sevek Move Your Body
3%
34 Civo Weg von mir
3%
76 Tinlicker & Helsloot Because You Move Me
1%
70 David Guetta, Becky Hill& Hella Henderson Crazy What Love Can Do
1%
74 Benzz Je m'appelle
1%
83 Shawn Mendes When You're Gone
1%
77 Topic x A7S Kernkraft 400
0%
89 CKay ft. ElGrande Toto Love Nwantiti
0%
95 Swedisch House Mafia & The Weeknd Moth To As Flame
0%
Keine übereinstimmenden Quizze gefunden
Verteilung der Resultate
Anzahl Personen mit jedem Resultat
Perzentil nach korrekt beantworteten Fragen
Ihre Resultats-Entwicklung
Sie haben dieses Quiz noch nicht gespielt